Detalles MARC
| 000 -LEADER |
| fixed length control field |
01972nam a2200481Ii 4500 |
| 001 - CONTROL NUMBER |
| control field |
DIGFCE0106 |
| 003 - CONTROL NUMBER IDENTIFIER |
| control field |
NyNyDIG |
| 006 - FIXED-LENGTH DATA ELEMENTS--ADDITIONAL MATERIAL CHARACTERISTICS |
| fixed length control field |
m o d |
| 007 - PHYSICAL DESCRIPTION FIXED FIELD--GENERAL INFORMATION |
| fixed length control field |
cr ||||||||||| |
| 008 - FIXED-LENGTH DATA ELEMENTS--GENERAL INFORMATION |
| fixed length control field |
170320r20142003mx ob 000 0dspa d |
| 020 ## - INTERNATIONAL STANDARD BOOK NUMBER |
| International Standard Book Number |
9786071621054 |
| Qualifying information |
(eBook ; |
| -- |
ePub) |
| 020 ## - INTERNATIONAL STANDARD BOOK NUMBER |
| International Standard Book Number |
6071621054 |
| Qualifying information |
(eBook ; |
| -- |
ePub) |
| 020 ## - INTERNATIONAL STANDARD BOOK NUMBER |
| Canceled/invalid ISBN |
9505575661 |
| 020 ## - INTERNATIONAL STANDARD BOOK NUMBER |
| Canceled/invalid ISBN |
9789505575664 |
| 035 ## - SYSTEM CONTROL NUMBER |
| System control number |
(OCoLC)1076443727 |
| 040 ## - CATALOGING SOURCE |
| Original cataloging agency |
DGITA |
| Language of cataloging |
eng |
| Description conventions |
rda |
| -- |
pn |
| Transcribing agency |
DGITA |
| 041 1# - LANGUAGE CODE |
| Language code of text/sound track or separate title |
spa |
| Language code of original |
fre |
| 050 14 - LIBRARY OF CONGRESS CALL NUMBER |
| Classification number |
GN21.L4 ebook |
| 082 04 - DEWEY DECIMAL CLASSIFICATION NUMBER |
| Classification number |
301 |
| 100 1# - MAIN ENTRY--PERSONAL NAME |
| Personal name |
Buber, Martin, |
| Dates associated with a name |
1878-1965, |
| Relator term |
author. |
| 240 10 - UNIFORM TITLE |
| Uniform title |
Claude Lévi-Strauss. |
| Language of a work |
Spanish |
| 245 10 - TITLE STATEMENT |
| Title |
Claude Lévi-Strauss / |
| Statement of responsibility, etc. |
por Martín Buber ; traducción de Víctor Goldstein. |
| 250 ## - EDITION STATEMENT |
| Edition statement |
Primera edición electrónica. |
| 264 #1 - PRODUCTION, PUBLICATION, DISTRIBUTION, MANUFACTURE, AND COPYRIGHT NOTICE |
| Place of production, publication, distribution, manufacture |
México, D.F. : |
| Name of producer, publisher, distributor, manufacturer |
Fondo de Cultura Económica, |
| Date of production, publication, distribution, manufacture, or copyright notice |
2014. |
| 300 ## - PHYSICAL DESCRIPTION |
| Extent |
1 online resource. |
| 336 ## - CONTENT TYPE |
| Content type term |
text |
| Content type code |
txt |
| Source |
rdacontent |
| 337 ## - MEDIA TYPE |
| Media type term |
computer |
| Media type code |
c |
| Source |
rdamedia |
| 338 ## - CARRIER TYPE |
| Carrier type term |
online resource |
| Carrier type code |
cr |
| Source |
rdacarrier |
| 490 1# - SERIES STATEMENT |
| Series statement |
Breviarios del Fondo de Cultura Económica ; |
| Volume/sequential designation |
439 |
| 504 ## - BIBLIOGRAPHY, ETC. NOTE |
| Bibliography, etc. note |
Includes bibliographical references. |
| 588 0# - SOURCE OF DESCRIPTION NOTE |
| Source of description note |
Online resource; title from ePub title page (Digitalia, viewed April 11, 2017) |
| 600 10 - SUBJECT ADDED ENTRY--PERSONAL NAME |
| Personal name |
Lévi-Strauss, Claude, |
| Dates associated with a name |
1908-2009. |
| 655 #0 - INDEX TERM--GENRE/FORM |
| Genre/form data or focus term |
Electronic books. |
| 700 1# - ADDED ENTRY--PERSONAL NAME |
| Personal name |
Goldstein, Victor, |
| Relator term |
translator. |
| 765 08 - ORIGINAL LANGUAGE ENTRY |
| Relationship information |
Translation of: |
| Main entry heading |
Clément, Catherine, 1939- |
| Title |
Claude Lévi-Strauss. |
| Place, publisher, and date of publication |
Paris : Presses universitaires de France, 2002. |
| International Standard Book Number |
9782130531647 |
| Record control number |
(OCoLC)51294402 |
| 776 08 - ADDITIONAL PHYSICAL FORM ENTRY |
| Relationship information |
Print version: |
| Main entry heading |
Clément, Catherine, 1939- |
| Title |
Claude Lévi-Strauss. |
| Place, publisher, and date of publication |
México, D.F. : Fondo De Cultura Económica, 2003 |
| International Standard Book Number |
9789505575664 |
| 791 2# - |
| -- |
Digitalia (Firm), |
| -- |
distributor. |
| 793 0# - |
| -- |
Digitalia eBook Collection: |
| -- |
Fondo de Cultura Económica |
| 830 #0 - SERIES ADDED ENTRY--UNIFORM TITLE |
| Uniform title |
Breviarios del Fondo de Cultura Económica ; |
| Volume/sequential designation |
439. |
| 856 40 - ELECTRONIC LOCATION AND ACCESS |
| Materials specified |
Digitalia Hispánica |
| Uniform Resource Identifier |
<a href="https://www.digitaliapublishing.com/a/43585/">https://www.digitaliapublishing.com/a/43585/</a> |
| 910 ## - USER-OPTION DATA (OCLC) |
| User-option data |
Premium collection: 2017 |
| 942 ## - ADDED ENTRY ELEMENTS (KOHA) |
| Koha item type |
Recurso Electrónico |